000 00436nam a2200169Ia 4500
005 20240702045848.0
008 240331s9999 xx 000 0 und d
020 _a0803947887
082 _a155
_bBUR
100 _aBurstow, B
245 0 _aRadical feminist theropy-
_b working in the context of violence
260 _aNew Delhi
_bSage Publications
_c1992
300 _axviii, 302 p .,
650 _aWomen
650 _aCrime
942 _cL
999 _c729
_d729